Civil Wars in History - Statistics

General Stats
  • This quiz has been taken 182 times
  • The average score is 74 of 124
Answer Stats
Years Leader Country % Correct
Circa 50 BCE-45 BCE Julius Ceasar Rome
95%
1562-1598 Philip II France
92%
1648-1653 Gaston of Orleans France
92%
1793-1804 Jacques Cathelineau France
92%
1773-1775 Catherine II Russia
92%
1917-1921 Vladimir Lenin Russia
92%
1850-1864 Hong Xiuquan China
89%
1899-1901 Cao Futian China
89%
1927-1937, 1945-1949 Mao Zedong China
89%
1701-1714 Philip V Spain
89%
1936-1939 Francisco Franco Spain
89%
1861-1865 Jefferson Davis United States
89%
1467-1477 Yamana Sozen Japan
82%
1467-1615 Tokugawa Ieyasu Japan
82%
1637-1638 Amakusa Shiro Japan
82%
1868-1869 Tokugawa Yoshinobu Japan
82%
2011-Present Abu Bakr al-Baghdadi Syria
82%
1524-1525 Thomas Muntzer Germany
81%
1918-1919 Rosa Luxemburg Germany
81%
1994-1997 Jalal Talabani Iraq
81%
1908-1911 Mozafaredin Shah Iran
80%
1943-1945 Alfredo Pizzoni Italy
80%
1824-1825 Theodoros Kolokotronis Greece
78%
1946-1949 Aris Velouchiotis Greece
78%
1857-1861 Felix Zuloaga Mexico
78%
1828-1834 Dom Miguel Portugal
77%
1989-1992 Ahmad Shah Massoud Afghanistan
75%
1992-1996 Gulbuddin Hekmatyar Afghanistan
75%
1996-2001 A.S. Massoud Afghanistan
75%
1978-2001-Present Osama Bin Laden Afghanistan
75%
1967-1975 Pol Pot Cambodia
74%
1835-1845 Pedro II Brazil
73%
1896-1897 Antonio Conselheiro Brazil
73%
1932 Getulio Vargas Brazil
73%
2004-Present Maulana Fazlullah Pakistan
73%
1962-1970 Abdullah as-Sallal Yemen
70%
1986 Ali Nasir Muhammed Yemen
70%
1994 Ali Mohammed Assadi Yemen
70%
2015-Present Nasir al-Wuhayshi Yemen
70%
1829-1830 Ramon Freire Chile
68%
1851 Jose Maria de la Cruz Chile
68%
1891 Jorge Montt Chile
68%
1131-1357 Christopher of Oldenburg Denmark
68%
1534-1536 Christian III Denmark
68%
1173-1174 Eleanor of Aquitane England
68%
1215-1217 Robert Fitzwalker England
68%
1264-1267 Simon de Montfort England
68%
1455-1485 Edward IV England
68%
1685 Duke of Monmouth England
68%
1688-1689 William III England
68%
1775-1783 George Washington England
68%
1996-1997 Denis Sassou Nguesso Republic of the Congo
68%
1934 Engelbert Dollfuss Austria
67%
1974-1991 Mengistu Haile Mariam Ethiopia
67%
1639-1651 Thomas Fairfax Great Britain
67%
1922-1923 Liam Lynch Ireland
67%
1955-1972 Joseph Lagu Sudan
67%
1983-2005 John Garang Sudan
67%
2003-Present Ahmed Diraige Sudan
67%
1814-1880 Bartolome Mitre Argentina
66%
1890 Leandro Alem Argentina
66%
1899-1902 Prospero Pinzon Colombia
66%
1964-Present Timoleón Jiménez Colombia
66%
1130-1240 Magnus the Blind Norway
65%
1967-1970 Odumegwu Ojukwu Nigeria
64%
1975-1990 Michael Aoun Lebanon
63%
2014-Present Abu Nabil al-Anbari Libya
63%
1978-2015-Present Murat Karayılan Turkey
63%
1953-1975 Souphanouvong Laos
62%
1991-2002 Abassi Madani Algeria
61%
2009-Present Ahmad Umar Somalia
61%
1948-Present Twan Mrat Naing Myanmar
59%
1859-1863 Jose Antonio Paez Venezuela
59%
1918 Ali Aaltonen Finland
58%
1961-2002 Jonas Savimbi Angola
55%
2012-Present Noureddine Adam Central African Republic
55%
1962-Present ??? Indonesia
55%
2013-Present Riek Machar South Sudan
54%
1965 Dr. Juan Bosch Dominican Republic
52%
1960-1996 Miguel Ydigoras Guatemala
51%
1926-1927 Juan B. Sacasa Nicaragua
51%
1922-1923 Eduardo Schaerer Paraguay
50%
1947 Rafael Franco Paraguay
50%
2005-Present Oviedo Brítez Paraguay
50%
1640-1645 Charles de Menou d'Aulnay Canada
49%
1885 Louis Riel Canada
49%
1568-1573 Regent Moray Scotland
49%
1979-1992 Schafik Handal El Salvador
48%
1817-1819 Zwide South Africa
48%
1983-2009 V. Prabhakaran Sri Lanka
48%
1839-1851 Manuel Oribe Uruguay
48%
1991-1999 Franjo Tuđman Yugoslavia
48%
1847 Johann-Ulrich von Salis-Soglio Switzerland
47%
1845-1872 Maori Iwi New Zealand
46%
1867-1874 Raja Mahadi Malaysia
45%
1879 Sultan Ali Malaysia
45%
1975-1992 André Matsangaissa Mozambique
45%
1402-1413 Isa Celebi Ottoman Empire
45%
1990-1993 Juvénal Habyarimana Rwanda
45%
1991-1993 Zviad Gamsakhurdia Georgia
44%
1996-2006 Prachanda Nepal
44%
1948 Teodoro Picado Michalski Costa Rica
41%
1788-1934 British Army Australia
40%
1989-1996 Charles Taylor Liberia
40%
1999-2003 Gyude Bryant Liberia
40%
1220-1264 Hakon the Old Iceland
39%
695-717 Leontios Byzantine Empire
38%
741-743 Artabasdos Byzantine Empire
38%
1993-2005 Leonard Nyangoma Burundi
37%
1991-2002 Foday Sankoh Sierra Leone
36%
1529-1532 Atahualpa Inca Empire
27%
1947-1948 Fawzi al-Qawuqji Palestine
27%
1366-1369 Henry of Trastamara Castille
26%
1475-1479 Joanna la Beltraneja Castille
26%
1998-1999 Ansumane Mané Guinea-Bissau
22%
1992-1997 Sayid Abdulloh Nuri Tajikistan
22%
1826-1827 Haden Edwards Texas
17%
1835-1836 Antonio Lopez de Santa Anna Texas
17%
1606-1609 Mikolaj Zebrzydowski Poland-Lithuania
15%
1665-1666 Jerzy Sebastian Lubomirski Poland-Lithuania
15%
1420-1434 ??? Bohemia
11%
1425-1453 Yury Demitrievich Moscow
11%
1152-1153 Queen Melisende Jerusalem
6%
1522-1538 ??? Kazakhstan (Kazakh Khanate)
0%
No matching quizzes found
Score Distribution
Percent of People with Each Score
Percentile by Number Answered
Your Score History
You have not taken this quiz